Регионална библиотека "Любен Каравелов" - Русе

Психологическата война (Запис номер 389615)

MARC детайли
000 -Лидер
Контролно поле с фиксирана дължина 01540nam a2200349 c 4500
003 - Код на организацията, давaща контролен номер
Контролно поле BLK
005 - Дата и час на последна редакция
Контролно поле 20250103092751.0
008 - Елементи от данни с фиксирана дължина
fixed length control field 180409b bul|||||r ||||||| ||bul||
010 ## - Наследен системен номер
LC control number KNG00120868000
040 ## - Източник на каталожния запис
Идентификатор на билиотеката - собственик на записа BLK
041 ## - Код за език
Код за езика на текст/звукозапис или на отделно заглавие Български
Код за езика КДБФ Български
080 ## - УДК
Текстов определител УДК Марксизъм-ленинизъм. Научен комунизъм
УДК код - определител по УДК 141.82
УДК - код + определител 141.82
080 ## - УДК
Текстов определител УДК Международни блокове и конфликти
УДК код - определител по УДК 327.5
УДК - код + определител 327.5
100 ## - Редна дума - Автор
Автор Волкогонов, Дмитрий Антонович
Авторска отговорност първи автор
R(LIN) 49195
139 ## - Редно поле
Редна дума Волкогонов, Дмитрий Антонович
Авторски знак Воли - В 82
245 10 - Сведения за заглавието
Заглавие Психологическата война
Подзаглавни данни Изследване
Редно поле (дума) Дмитрий Антонович Волкогонов; прев. от рус. Л. Снегова
257 ## - Страна на издаване
Страна на създаване/издаване Русия
260 ## - Област на издателските данни
Име на издателя, разпространителя и проч. АПН
Година на издаване 1986
9 (RLIN) 212239
Място на издаване, разпространение и проч. София
Издателство - префикс ISBN 954-725-
300 ## - Физическа характеристика
Страници 352 с.
Размери/Мащаб 21 см
380 ## - Жанр
Жанр Философия
500 ## - Общи забележки
Забележка Ориг. загл. Психологическая война / Д. А. Волкогонов. - Изд. на Глав. полит. управл. на нар. армия. - Библиогр. под линия.
650 #4 - Допълнително описание по предмет – тема
Основно описание – тема или топоним Психологическа война
9 (RLIN) 168325
650 #4 - Допълнително описание по предмет – тема
Основно описание – тема или топоним Антикомунизъм
9 (RLIN) 147230
700 ## - Други автори (авторска отговорност)
Лично име Снегова, Лучия
Автороска отговорност (Описва отношението между автора и произведението) първи автор
9 (RLIN) 1299
852 ## - Местоположение
Форматна сигнатура Цб І 23278
856 4# - Електронен адрес и достъп
Електронен формат pdf - файл
856 4# - Електронен адрес и достъп
Електронен формат pdf - файл
999 ## - СИСТЕМНИ КОНТРОЛНИ НОМЕРА
Koha biblionumber 389615
Koha biblioitemnumber 389615
942 ## - АРТИКУЛИ
Вид на библиотечния материал Книги
Скрит в OPAC Не
Периодичен библиозапис Да
944 ## - СЪЗДАВАНЕ И РЕДАКЦИЯ на ЗАПИСА
Създаване/Редакция Редакция
Дата на регистрацията/редакция 18.01.2011
Статус, дата на статуса Севдалина Тодорова
Служител, извършил регистрацията/редакцията 30540
999 ## - СИСТЕМНИ КОНТРОЛНИ НОМЕРА
Koha biblioitemnumber 389615
999 ## - СИСТЕМНИ КОНТРОЛНИ НОМЕРА
Koha biblioitemnumber 115385
Наличности
Код за отписване Код за изгубен артикул Източник на класификационната схема Код за повреда Коз за рестрикции Код за отдаване Артикулен № Име на библиотеката - собственик Име на библиотеката, в която се намира в момента Статус (Текущо местоположение) Дата на вписване в системата Местоположение - отдел Цена в лева Инвентарен номер Систематично азбучна сигнатура Баркод Цена в евро Служебен тип на артикула
  Не е изгубен Universal Decimal Classification Не е повреден само за читалня ползва се в читалня 802497 Регионална библиотека "Любен Каравелов" Русе Регионална библиотека "Любен Каравелов" Русе Хранилище 2020-10-02 Хранилище 0.24 477338 Цб І 23278 120000477338 0.12 Книги
Vip Innovations Ltd, Rousse, Bulgaria 2025